<?xml version="1.0" encoding="UTF-8"?>
<record
    xmlns:xsi="http://www.w3.org/2001/XMLSchema-instance"
    xsi:schemaLocation="http://www.loc.gov/MARC21/slim http://www.loc.gov/standards/marcxml/schema/MARC21slim.xsd"
    xmlns="http://www.loc.gov/MARC21/slim">

  <leader>05210cam a2200421 i 4500</leader>
  <controlfield tag="001">16442422</controlfield>
  <controlfield tag="003">EG-ScBUE</controlfield>
  <controlfield tag="005">20250731101637.0</controlfield>
  <controlfield tag="008">100901t2011    nyua   f b    001 0 eng d</controlfield>
  <datafield tag="020" ind1=" " ind2=" ">
    <subfield code="a">9781607618386 (alk. paper)</subfield>
  </datafield>
  <datafield tag="020" ind1=" " ind2=" ">
    <subfield code="a">1607618389 (alk. paper)</subfield>
  </datafield>
  <datafield tag="035" ind1=" " ind2=" ">
    <subfield code="a">(OCoLC)ocn669000963</subfield>
  </datafield>
  <datafield tag="040" ind1=" " ind2=" ">
    <subfield code="a">HNC</subfield>
    <subfield code="b">eng</subfield>
    <subfield code="e">rda</subfield>
    <subfield code="c">HNC</subfield>
    <subfield code="d">CUS</subfield>
    <subfield code="d">YDXCP</subfield>
    <subfield code="d">BTCTA</subfield>
    <subfield code="d">BWX</subfield>
    <subfield code="d">COU</subfield>
    <subfield code="d">MIA</subfield>
    <subfield code="d">DLC</subfield>
    <subfield code="d">EG-ScBUE</subfield>
  </datafield>
  <datafield tag="082" ind1="0" ind2="4">
    <subfield code="a">542.85</subfield>
    <subfield code="b">CHE</subfield>
    <subfield code="2">22</subfield>
  </datafield>
  <datafield tag="245" ind1="0" ind2="0">
    <subfield code="a">Chemoinformatics and computational chemical biology /</subfield>
    <subfield code="c">edited by J&#xFC;rgen Bajorath.</subfield>
  </datafield>
  <datafield tag="264" ind1=" " ind2="1">
    <subfield code="a">New York :</subfield>
    <subfield code="b">Humana Press / Springer Science,</subfield>
    <subfield code="c">[2011]</subfield>
  </datafield>
  <datafield tag="264" ind1=" " ind2="4">
    <subfield code="c">c2011</subfield>
  </datafield>
  <datafield tag="300" ind1=" " ind2=" ">
    <subfield code="a">x, 588 pages :</subfield>
    <subfield code="b">illustrations (some color) ;</subfield>
    <subfield code="c">27 cm.</subfield>
  </datafield>
  <datafield tag="336" ind1=" " ind2=" ">
    <subfield code="2">rdacontent</subfield>
    <subfield code="a">text</subfield>
    <subfield code="b">txt</subfield>
  </datafield>
  <datafield tag="337" ind1=" " ind2=" ">
    <subfield code="2">rdamedia</subfield>
    <subfield code="a">unmediated</subfield>
    <subfield code="b">n</subfield>
  </datafield>
  <datafield tag="338" ind1=" " ind2=" ">
    <subfield code="2">rdacarrier</subfield>
    <subfield code="a">volume</subfield>
    <subfield code="b">nc</subfield>
  </datafield>
  <datafield tag="490" ind1="0" ind2=" ">
    <subfield code="a">Springer protocols</subfield>
  </datafield>
  <datafield tag="490" ind1="0" ind2=" ">
    <subfield code="a">Methods in molecular biology ;</subfield>
    <subfield code="v">672</subfield>
  </datafield>
  <datafield tag="504" ind1=" " ind2=" ">
    <subfield code="a">Includes bibliographical references and index.</subfield>
  </datafield>
  <datafield tag="505" ind1="0" ind2=" ">
    <subfield code="a">Some trends in chem(o)informatics / Wendy A. Warr -- Molecular similarity measures / Gerald M. Maggiora and Veerabahu Shanmugasundaram -- The ups and downs of structure-activity landscapes / Rajarshi Guha -- Computational analysis of activity and selectivity cliffs / Lisa Peltason and Jurgen Bajorath -- Similarity searching using 2D structural fingerprints / Peter Willett -- Predicting the performance of fingerprint similarity searching / Martin Vogt and Jurgen Bajorath -- Bayesian methods in virtual screening and chemical biology / Andreas Bender -- Reduced graphs and their applications in chemoinformatics / Kristian Birchall and Valerie J. Gillet -- Fragment descriptors in structure-property modeling and virtual screening / Alexandre Varnek -- The scaffold tree : an efficient navigation in the scaffold universe / Peter Ertl, Ansgar Schuffenhauer, and Steffen Renner -- Pharmacophore-based virtual screening / Dragos Horvath -- De novo drug design / Markus Hartenfeller and Gisbert Schneider -- Classification of chemical reactions and chemoinformatics processing of enzymatic transformations / Diogo A.R.S. Latino and Joao Aires-de-Sousa -- Informatics approach to the rational design of siRNA libraries / Jerry O. Ebalunode, Charles Jagun, and Weifan Zheng -- Beyond rhodopsin : G protein-coupled receptor structure and modeling incorporating the [beta]2-adrenergic and adenosine Ab2sa crystal structures / Andrew J. Tebben and Dora M. Schnur -- Methods for combinatorial and parallel library design / Dora M. Schnur, Brett R. Beno, Andrew J. Tebben, and Cullen Cavallaro -- The interweaving of cheminformatics and HTS / Anne Kummel and Christian N. Parker -- Computational systems chemical biology / Tudor I. Oprea, Elebeoba E. May, Andrei Leitao, and Alexander Tropsha -- Ligand-based approaches to in silico pharmacology / David Vidal, Ricard Garcia-Serna, and Jordi Mestres -- Molecular test systems for cmputational selectivity studies and systematic analysis of compound selectivity profiles / Dagmar Stumpfe, Eugen Lounkine, and Jurgen Bajorath -- Application of support vector machine-based ranking strategies to search for target-selective compounds / Anne Mai Wassermann, Hanna Geppert, and Jurgen Bajorath -- What do we know? : simple statistical techniques that help / Anthony Nicholls.</subfield>
  </datafield>
  <datafield tag="520" ind1=" " ind2=" ">
    <subfield code="a">Over the past years, the chem(o)informatics field has further evolved and new application areas have opened up, for example, in the broadly defined area of chemical biology. In Chemoinformatics and Computational Chemical Biology, leading investigators bring together a detailed series of reviews and methods including, among others, system-directed approaches using small molecules, the design of target-focused compound libraries, the study of molecular selectivity, and the systematic analysis of target-ligand interactions. Furthermore, the book delves into similarity methods, machine learning, probabilistic approaches, fragment-based methods, as well as topics that go beyond the current chemoinformatics spectrum, such as knowledge-based modeling of G protein-coupled receptor structures and computational design of siRNA libraries. As a volume in the highly successful Methods in Molecular Biology&#x2122; series, this collection provides detailed descriptions and implementation advice that are exceedingly relevant for basic researchers and practitioners in this highly interdisciplinary research and development area. Cutting-edge and unambiguous, Chemoinformatics and Computational Chemical Biology serves as an ideal guide for experts and newcomers alike to this vital and dynamic field of study.</subfield>
  </datafield>
  <datafield tag="650" ind1=" " ind2="7">
    <subfield code="a">Cheminformatics.</subfield>
    <subfield code="2">BUEsh</subfield>
  </datafield>
  <datafield tag="650" ind1=" " ind2="7">
    <subfield code="a">Computational Biology</subfield>
    <subfield code="x">methods</subfield>
    <subfield code="v">Laboratory Manuals.</subfield>
    <subfield code="2">BUEsh</subfield>
  </datafield>
  <datafield tag="650" ind1=" " ind2="7">
    <subfield code="a">Biochemistry</subfield>
    <subfield code="x">methods</subfield>
    <subfield code="v">Laboratory Manuals.</subfield>
    <subfield code="2">BUEsh</subfield>
  </datafield>
  <datafield tag="650" ind1=" " ind2="7">
    <subfield code="a">Combinatorial Chemistry Techniques</subfield>
    <subfield code="x">methods.</subfield>
    <subfield code="2">BUEsh</subfield>
  </datafield>
  <datafield tag="650" ind1=" " ind2="7">
    <subfield code="a">Chemistry, Pharmaceutical</subfield>
    <subfield code="x">methods.</subfield>
    <subfield code="2">BUEsh</subfield>
  </datafield>
  <datafield tag="651" ind1=" " ind2=" ">
    <subfield code="2">BUEsh</subfield>
  </datafield>
  <datafield tag="653" ind1=" " ind2=" ">
    <subfield code="b">ENGCHE</subfield>
    <subfield code="b">GGEN</subfield>
    <subfield code="c">November2018</subfield>
  </datafield>
  <datafield tag="655" ind1=" " ind2=" ">
    <subfield code="v">Reading book</subfield>
  </datafield>
  <datafield tag="700" ind1="1" ind2=" ">
    <subfield code="a">Bajorath, J&#xFC;rgen,</subfield>
    <subfield code="e">editor.</subfield>
    <subfield code="9">41866</subfield>
  </datafield>
  <datafield tag="776" ind1="0" ind2="8">
    <subfield code="i">Online version:</subfield>
    <subfield code="t">Chemoinformatics and computational chemical biology.</subfield>
    <subfield code="d">New York, N.Y. : Humana Press, c2010</subfield>
    <subfield code="w">(OCoLC)669179169</subfield>
  </datafield>
  <datafield tag="942" ind1=" " ind2=" ">
    <subfield code="2">ddc</subfield>
    <subfield code="c">BB</subfield>
  </datafield>
  <datafield tag="999" ind1=" " ind2=" ">
    <subfield code="c">26927</subfield>
    <subfield code="d">26899</subfield>
  </datafield>
  <datafield tag="952" ind1=" " ind2=" ">
    <subfield code="0">0</subfield>
    <subfield code="1">0</subfield>
    <subfield code="2">ddc</subfield>
    <subfield code="4">0</subfield>
    <subfield code="7">0</subfield>
    <subfield code="8">Baccah</subfield>
    <subfield code="a">MAIN</subfield>
    <subfield code="b">MAIN</subfield>
    <subfield code="c">1ST</subfield>
    <subfield code="d">2018-11-01</subfield>
    <subfield code="e">Purchase</subfield>
    <subfield code="g">2750.00</subfield>
    <subfield code="l">0</subfield>
    <subfield code="o">542.85 CHE</subfield>
    <subfield code="p">000043741</subfield>
    <subfield code="r">2025-07-15 00:00:00</subfield>
    <subfield code="y">BB</subfield>
  </datafield>
</record>
